Tra retorica e Diritto: linguaggi e forme argomentative nella tradizione giuridica. Incontro di studio
Saved in:
| Hovedforfatter: | |
|---|---|
| Format: | Bog |
| Sprog: | italiensk |
| Udgivet: |
Bari
Edizioni La Matrice
2011
|
| Udgivelse: | 1a. ed |
| Fag: | |
| Tags: |
Tilføj Tag
Ingen Tags, Vær først til at tagge denne postø!
|
MARC
| LEADER | 00000cam a2200000 a 4500 | ||
|---|---|---|---|
| 001 | UCE5247 | ||
| 003 | CL-VaPUC | ||
| 005 | 20210924074309.0 | ||
| 008 | 141218e20110000it 1 ita d | ||
| 020 | |a 9788895614274 | ||
| 082 | 0 | 4 | |a 340.11 |b LOV |2 21 |
| 100 | 1 | |a Lovato, Andrea |e author |9 622096 | |
| 245 | 1 | 0 | |a Tra retorica e Diritto: linguaggi e forme argomentative nella tradizione giuridica. Incontro di studio |
| 250 | |a 1a. ed | ||
| 260 | |a Bari |b Edizioni La Matrice |c 2011 | ||
| 300 | |a 174 p | ||
| 583 | |a last modification |c 20190909 10:39:34 |k Rodrigo Vera | ||
| 650 | 0 | 0 | |a Argumentación |9 257103 |
| 650 | 0 | 0 | |a Argumentación jurídica |9 469614 |
| 650 | 0 | 0 | |a Razonamiento |9 256520 |
| 942 | |c BK | ||
| 945 | |a dcastane |d 20141218 14:43:00 | ||
| 546 | |a En Italiano | ||
| 536 | |a Universitatis Barensis | ||
| 518 | |p Tra retorica e Diritto Incontro di studio, 1, Trani, 22-23 maggio 2009 | ||
| 999 | |c 384786 |d 384784 | ||
| 952 | |0 0 |1 0 |3 erb |4 0 |6 340_110000000000000_LOV_2011 |7 0 |8 DER_HIS |9 507753 |a BIBDER |b BIBDER |i 5129982 |o 340.11 LOV 2011 |p 5129982 |r 2023-01-25 |w 2020-01-23 |x Ubicación 4to Piso |y BK |z Estos recursos deben solicitarse con anticipación |k DER | ||
| 952 | |0 0 |1 0 |3 erb |4 0 |6 340_110000000000000_LOV_2011 |7 0 |8 DER_ROM |9 507754 |a BIBDER |b BIBDER |i 5375118 |o 340.11 LOV 2011 |p 5375118 |r 2023-01-25 |w 2020-01-23 |x Ubicación 4to piso |y BK |z Este recurso debe solicitarse con anticipación |k DER | ||